[Event "Warsaw YMCA Autumn-D 193rd"]
[Site "Warsaw"]
[Date "2017.11.21"]
[Round "10"]
[White "Papis, Mateusz"]
[Black "Olsztynski, Jan"]
[Result "1-0"]
[WhiteElo "1219"]
[BlackElo "1366"]
[PlyCount "55"]
[EventDate "2017.09.19"]
[EventType "tourn"]
[EventRounds "13"]
[EventCountry "POL"]
[SourceTitle "EXT 2019"]
[Source "ChessBase"]
[SourceDate "2018.10.10"]
[SourceVersion "1"]
[SourceVersionDate "2018.10.10"]
[SourceQuality "1"]

1. e4 c5 2. Nf3 e6 3. c3 Nf6 4. e5 Nd5 5. d4 Nc6 6. Be2 a5 7. 0-0 Be7 8. c4 Nb6 9. d5 Nd4 10. Nxd4 cxd4 11. d6 Bg5 12. Bxg5 Qxg5 13. Qxd4 Qd8 14. Nc3 0-0 15. f4 f5 16. c5 Nd5 17. Nxd5 exd5 18. Qxd5+ Kh8 19. Bf3 Rb8 20. Qd4 b6 21. c6 dxc6 22. Bxc6 Bd7 23. Bxd7 Qxd7 24. Rfe1 Rfe8 25. Rac1 Rb7 26. Qd5 Re6 27. Rc7 Rxc7 28. dxc7 1-0

[Event "Warsaw YMCA Autumn-D 193rd"]
[Site "Warsaw"]
[Date "2017.11.02"]
[Round "5"]
[White "Olsztynski, Jan"]
[Black "Kwiecinski, Rafal"]
[Result "1-0"]
[WhiteElo "1366"]
[BlackElo "1162"]
[PlyCount "143"]
[EventDate "2017.09.19"]
[EventType "tourn"]
[EventRounds "13"]
[EventCountry "POL"]
[SourceTitle "EXT 2019"]
[Source "ChessBase"]
[SourceDate "2018.10.10"]
[SourceVersion "1"]
[SourceVersionDate "2018.10.10"]
[SourceQuality "1"]

1. e4 g6 2. d4 Bg7 3. Nf3 d5 4. exd5 Qxd5 5. Nc3 Qh5 6. Nb5 Na6 7. Bf4 c6 8. Nc3 Nb4 9. Bc4 Nf6 10. Qd2 Bf5 11. Bb3 Rd8 12. 0-0-0 Bg4 13. Rhe1 Nfd5 14. Nxd5 Nxd5 15. Bxd5 Rxd5 16. c4 Rd7 17. d5 Bxf3 18. gxf3 cxd5 19. cxd5 0-0 20. d6 Rc8+ 21. Kb1 exd6 22. Rc1 Rcd8 23. Qd3 Qh4 24. Bg3 Qb4 25. Qb3 Qa5 26. Bh4 g5 27. Bg3 Qf5+ 28. Ka1 a5 29. h4 h6 30. hxg5 hxg5 31. f4 g4 32. Bh4 Rb8 33. Qa4 Ra8 34. Qe4 Qb5 35. Qe2 Qb4 36. Rc4 Bxb2+ 37. Kb1 Qb6 38. Qxb2 Qa6 39. Rec1 b5 40. Rc6 Qb7 41. Qc3 Rf8 42. Rg1 f5 43. f3 b4 44. Qc4+ d5 45. Rg6+ Kh7 46. Qc6 Qxc6 47. Rxc6 gxf3 48. Rcg6 d4 49. Bf2 d3 50. R6g5 Rf6 51. Rh5+ Rh6 52. Rxh6+ Kxh6 53. Be3 Re7 54. Re1 Rc7 55. Rf1 Rc3 56. Rd1 Kh5 57. Bd2 Rc4 58. Be3 Rc3 59. Bd4 Ra3 60. Bb2 f2 61. Bxa3 bxa3 62. Rf1 Kg4 63. Rxf2 Kg3 64. Rd2 Kxf4 65. Rxd3 Ke4 66. Rxa3 f4 67. Kc1 f3 68. Kd2 Kf4 69. Ke1 Kg3 70. Kf1 a4 71. Rxa4 f2 72. Ra3+ 1-0

[Event "Warsaw YMCA Autumn-D 193rd"]
[Site "Warsaw"]
[Date "2017.10.10"]
[Round "4"]
[White "Rejniak, Wojciech"]
[Black "Olsztynski, Jan"]
[Result "1-0"]
[WhiteElo "1223"]
[BlackElo "1366"]
[PlyCount "69"]
[EventDate "2017.09.19"]
[EventType "tourn"]
[EventRounds "13"]
[EventCountry "POL"]
[SourceTitle "EXT 2019"]
[Source "ChessBase"]
[SourceDate "2018.10.10"]
[SourceVersion "1"]
[SourceVersionDate "2018.10.10"]
[SourceQuality "1"]

1. Nf3 c5 2. c4 e6 3. e4 Nc6 4. Nc3 a6 5. d3 e5 6. Be2 d6 7. Nd5 h6 8. h3 Nf6 9. 0-0 Bd7 10. Qb3 Nxd5 11. exd5 Nd4 12. Nxd4 cxd4 13. Qxb7 Be7 14. Qb3 Bg5 15. Qc2 Rc8 16. Qd1 0-0 17. b3 Bxc1 18. Rxc1 Qg5 19. Bg4 Bxg4 20. Qxg4 Qxg4 21. hxg4 Rb8 22. Rb1 a5 23. a3 Rb7 24. b4 axb4 25. axb4 Rfb8 26. b5 Ra8 27. Ra1 Rba7 28. Rxa7 Rxa7 29. Rb1 Kf8 30. Rc1 Rc7 31. Ra1 f6 32. Ra8+ Ke7 33. b6 Rd7 34. Ra7 Ke8 35. b7 1-0

[Event "Warsaw YMCA Autumn-E 178th"]
[Site "Warsaw"]
[Date "2016.12.05"]
[Round "12"]
[White "Olsztynski, Jan"]
[Black "Majek, Waldemar"]
[Result "0-1"]
[WhiteElo "1174"]
[BlackElo "1163"]
[PlyCount "74"]
[EventDate "2016.09.19"]
[EventType "tourn"]
[EventRounds "13"]
[EventCountry "POL"]
[SourceTitle "EXT 2019"]
[Source "ChessBase"]
[SourceDate "2018.10.10"]
[SourceVersion "1"]
[SourceVersionDate "2018.10.10"]
[SourceQuality "1"]

1. e4 e5 2. d4 exd4 3. Bc4 Nf6 4. e5 d5 5. Qxd4 c5 6. Qd3 Qa5+ 7. Bd2 dxc4 8. Qe4 Qxd2+ 9. Kxd2 Nxe4+ 10. Ke3 Ng5 11. f4 Ne6 12. c3 b5 13. Nf3 Bb7 14. Nbd2 Bxf3 15. Nxf3 Be7 16. Rad1 0-0 17. Rd2 Rd8 18. Rxd8+ Nxd8 19. Rd1 Nbc6 20. Rd7 a5 21. g3 Ra7 22. Rd1 b4 23. Rd2 h6 24. Rd1 Ne6 25. h4 Nf8 26. f5 Rd7 27. Rxd7 Nxd7 28. Ke4 Nb6 29. Nd2 f6 30. exf6 Bxf6 31. Ke3 bxc3 32. bxc3 Bxc3 33. Ne4 Bd4+ 34. Kd2 Na4 35. g4 c3+ 36. Kc2 Nb4+ 37. Kc1 Be3+ 0-1

[Event "Warsaw YMCA Autumn-E 178th"]
[Site "Warsaw"]
[Date "2016.11.04"]
[Round "7"]
[White "Olsztynski, Jan"]
[Black "Ber, Piotr"]
[Result "1-0"]
[WhiteElo "1174"]
[BlackElo "1046"]
[PlyCount "77"]
[EventDate "2016.09.19"]
[EventType "tourn"]
[EventRounds "13"]
[EventCountry "POL"]
[SourceTitle "EXT 2019"]
[Source "ChessBase"]
[SourceDate "2018.10.10"]
[SourceVersion "1"]
[SourceVersionDate "2018.10.10"]
[SourceQuality "1"]

1. e4 e5 2. d4 exd4 3. Bc4 Bb4+ 4. c3 dxc3 5. bxc3 Bc5 6. Bxf7+ Kf8 7. Bxg8 Bxf2+ 8. Kxf2 Qh4+ 9. g3 Qxe4 10. Bd5 Qf5+ 11. Qf3 Qxf3+ 12. Nxf3 c6 13. Ba3+ Ke8 14. Re1+ Kd8 15. Be7+ Kc7 16. Bb3 b6 17. Nbd2 Na6 18. Ne4 Nc5 19. Nxc5 bxc5 20. Bxc5 Bb7 21. Rad1 Rhe8 22. Rxe8 Rxe8 23. Re1 Rxe1 24. Kxe1 d6 25. Bd4 c5 26. Bxg7 Bxf3 27. Bc2 h5 28. Bd1 Bxd1 29. Kxd1 Kd7 30. h3 Ke6 31. Bf8 c4 32. g4 hxg4 33. hxg4 Kf6 34. Bh6 d5 35. g5+ Kg6 36. Ke2 a6 37. a4 a5 38. Ke3 Kf5 39. Kd4 1-0